Conservación y uso sostenible del Chigüiro (Hydrochaeris hydrochaeris) en el departamento del Casanare Colombia (Registro nro. 4527)

Detalles MARC
000 -CABECERA
Campo de control 00824nam a2200253 a 4500
005 - FECHA Y HORA DE LA ULTIMA TRANSACCION
Campo de control 20141202084356.0
008 - ELEMENTOS DE LONGITUD FIJA—INFORMACION GENERAL
Campo de control 140123b2003 ck ||||| |||| 00| 0 spa d
040 ## - FUENTE DE CATALOGACIÓN
Agencia transcriptora CO-BoIH
041 ## - IDIOMA
Código de idioma para texto/pista de sonido o título separado Español
044 ## - PAÍS DE PUBLICACIÓN
País de publicación Colombia
090 ## - CLASIFICACIÓN LOCAL
Colección IAVH
Consecutivo 00330
100 ## - ASIENTO PRINCIPAL--NOMBRE PERSONAL
Nombre personal Aldana Domínguez, Juanita
245 ## - MENCION DE TITULO
Título Conservación y uso sostenible del Chigüiro (Hydrochaeris hydrochaeris) en el departamento del Casanare Colombia
Parte restante del título informe final de resultados
260 ## - PUBLICACION, DISTRIBUCION, ETC. (PIE DE IMPRENTA)
Lugar de publicación, distribución, etc. Bogotá
Nombre del editor, distribuidor, etc. Instituto Humboldt
-- Minambiente
Fecha de publicación, distribución, etc. 2003
300 ## - DESCRIPCION FISICA
Extensión 116 p.
700 ## - ASIENTO SECUNDARIO - NOMBRE PERSONAL
Nombre personal Vieira, María Isabel
700 ## - ASIENTO SECUNDARIO - NOMBRE PERSONAL
Nombre personal Angel, Dafna Camila
700 ## - ASIENTO SECUNDARIO - NOMBRE PERSONAL
Nombre personal Payan, Carlos Esteban
700 ## - ASIENTO SECUNDARIO - NOMBRE PERSONAL
Nombre personal Lozada , Paola Andrea
700 ## - ASIENTO SECUNDARIO - NOMBRE PERSONAL
Nombre personal Ramirez, Gloria
700 ## - ASIENTO SECUNDARIO - NOMBRE PERSONAL
Nombre personal Castro, Gustavo
942 ## - ELEMENTOS ADICIONALES (KOHA)
Tipo de ítem Informe Técnico
Sistema de clasificación Local
945 ## - PROCESAMIENTO LOCAL
AAAA-MM-DD - Fecha de ingreso o modificacion 2005-05-25
Existencias
Withdrawn status Lost status Sistema de Clasificación Damaged status No para préstamo Colección Inventariado Ubicación Permanente Ubicación actual Fecha de adquisición Total Checkouts Número topográfico Inventario / Código de Barras Date last seen Ejemplar Price effective from Forma de adquisición Tipo de material
    Local     Humboldt Inventariado 2017 Villa de Leyva Villa de Leyva 25/05/2005   IAVH-00330 018969 09/08/2024 Ej. 1 04/12/2012   Informe Técnico